Educación para los medios : una propuesta integral para maestros, padres y niños /

Na minha lista:
Detalhes bibliográficos
Autor principal: Charles Creel, Mercedes (autor)
Formato: Livro
Idioma:espanhol
Publicado em: México : Instituto Latinoamericano de la Comunicación Educativa : UNESCO, 1992, c1992
Tags: Adicionar Tag
Sem tags, seja o primeiro a adicionar uma tag!

MARC

LEADER 00000nam^a2200000^a^4500
001 000589493
005 20250521000000.0
009 20260310132850.119
037 |a Acervo ITESO - Biblioteca 
041 |a ESP 
091 |a FCR. 00513 
100 |a Charles Creel, Mercedes  |e (autor) 
245 1 0 |a Educación para los medios :  |b una propuesta integral para maestros, padres y niños / 
264 4 |a México :  |b Instituto Latinoamericano de la Comunicación Educativa :  |b UNESCO,  |c 1992, c1992 
300 |a 255 p. 
336 |a texto  |b txt  |2 rdacontenido 
337 |a sin mediación  |b n  |2 rdamedio 
338 |a volumen  |b nc  |2 rdasoporte 
649 |a XX 
910 |a Fondo Cristina Romo Gil 
920 |a Impresos - Libros 
930 |a Fondos Especiales 
905 |a 143 
901 |a 1100031258  |b IT2  |c ESP  |i D123143  |u 20250521 
902 |a https://opac.biblio.iteso.mx/vufind/Record/000589493